Learning Resource and Development

Development research news. (Record no. 29886)

MARC details
000 -LEADER
fixed length control field 00927cas a2200253 i 4500
001 - CONTROL NUMBER
control field 11461572
003 - CONTROL NUMBER IDENTIFIER
control field CSPC
005 - DATE AND TIME OF LATEST TRANSACTION
control field 20260413104159.0
008 - FIXED-LENGTH DATA ELEMENTS--GENERAL INFORMATION
fixed length control field 080625c2024 ph qr p b f0 0eng
022 ## - INTERNATIONAL STANDARD SERIAL NUMBER
International Standard Serial Number 0115-9097
040 ## - CATALOGING SOURCE
Original cataloging agency CSPC
Language of cataloging eng
Transcribing agency CSPC
Description conventions rda
245 00 - TITLE STATEMENT
Title Development research news.
264 #1 - PRODUCTION, PUBLICATION, DISTRIBUTION, MANUFACTURE, AND COPYRIGHT NOTICE
Place of production, publication, distribution, manufacture Metro Manila :
Name of producer, publisher, distributor, manufacturer Philippine Institute for Development Studies,
Date of production, publication, distribution, manufacture, or copyright notice 2024.
300 ## - PHYSICAL DESCRIPTION
Extent volumes :
Other physical details illustrations ;
Dimensions 28 cm.
310 ## - CURRENT PUBLICATION FREQUENCY
Current publication frequency Quarterly
336 ## - CONTENT TYPE
Source rdacontent
Content type term text
Content type code txt
337 ## - MEDIA TYPE
Source rdamedia
Media type term unmediated
338 ## - CARRIER TYPE
Carrier type term rdacarrier
Carrier type code volume
500 ## - GENERAL NOTE
General note The official newsletter of Philippine Institute for development studies
504 ## - BIBLIOGRAPHY, ETC. NOTE
Bibliography, etc. note Includes bibliographical references
655 ## - INDEX TERM--GENRE/FORM
Genre/form data or focus term Government Publication.
942 ## - ADDED ENTRY ELEMENTS (KOHA)
Source of classification or shelving scheme Dewey Decimal Classification
Koha item type Serials
Suppress in OPAC No
Call number prefix SER
Call number suffix 2024
Item part D492
Holdings
Withdrawn status Lost status Source of classification or shelving scheme Damaged status Not for loan Home library Current library Shelving location Date acquired Serial Enumeration / chronology Total Checkouts Full call number Barcode Date last seen Copy number Price effective from Koha item type Public note
    Dewey Decimal Classification   Not For Loan Main Library Main Library Serials 08/06/2025 January-March 2024 Volume 42, Number 1   SER GP 1 v.42 n.1 2024 01238S 08/06/2025 1-1 08/06/2025 Serials Government Publication
    Dewey Decimal Classification   Not For Loan Main Library Main Library Serials 08/06/2025 April-June 2024 volume 42 Number 2   SER GP 1 v.42 n.2 2024 01239S 08/06/2025 1-1 08/06/2025 Serials Government Publication
    Dewey Decimal Classification   Not For Loan Main Library Main Library Serials 08/06/2025 July-September 2024 Volume 42 Number 3   SER GP v.42 n.3 2024 01242S 08/06/2025 1-1 08/06/2025 Serials Government Publication